[Event "4NCL 2021-22"]
[Site "England"]
[Date "2022.03.26"]
[Round "5.13"]
[White "Wells, Peter K"]
[Black "Harvey, Marcus R"]
[Result "1/2-1/2"]
[WhiteElo "2379"]
[BlackElo "2464"]
[Annotator "TA"]
[PlyCount "111"]
[EventDate "2021.11.27"]
[EventType "team-tourn"]
[EventCountry "ENG"]
[SourceTitle "playchess.com"]
[Source "ChessBase"]
[SourceQuality "1"]

{[%evp 20,111,18,6,21,0,18,21,7,9,9,5,13,0,0,0,0,0,0,0,0,0,0,0,0,0,12,0,0,0,0,0,0,0,0,0,111,114,139,133,248,234,358,354,436,430,528,528,399,536,528,447,504,534,533,539,1099,486,623,513,528,0,284,0,437,970,774,868,1038,989,1912,1791,1616,1266,664,172,172,0,172,0,0,0,0,0,0,0,0,0,0,0,0,0,0,0]} 1. Nf3 Nf6 2. c4 e6 3. g3 b6 4. Bg2 Bb7 5. O-O Be7 6. Nc3 O-O 7. d4 Ne4 8. Bd2 d6 9. Ne1 Nxc3 10. Bxc3 Bxg2 11. Nxg2 d5 {[#] E18: Queen's Indian: Old Main Line (4 g3 Bb7 5 Bg2 Be7 6 0-0 0-0 7 Nc3).} 12. e4 $146 ({Predecessor:} 12. cxd5 exd5 13. b4 c6 14. Qb3 Nd7 15. b5 cxb5 16. Qxb5 Nf6 17. Ne3 Re8 18. a4 a6 19. Qb3 Qd7 20. Rab1 {½-½ (20) Riazantsev,A (2679)-Alekseev,E (2688) Olginka 2011}) 12... c6 13. cxd5 cxd5 14. exd5 exd5 15. Qf3 Qd7 16. Nf4 Rd8 $1 17. Rfe1 Nc6 {To avoid Re5} 18. Rad1 Rac8 19. h4 {[%cal Bh2h4,Bh4h5][%mdl 32]} Qf5 20. Kg2 g6 21. g4 Qf6 22. h5 b5 23. b3 g5 24. Ne2 {[%cal Bf4e2,Be2c3,Bc3d5][%mdl 32]} Qxf3+ $1 25. Kxf3 Bd6 26. Bd2 h6 27. Kg2 Re8 {[#]} (27... b4 $11 {remains equal.}) 28. Nc3 $1 $16 {[%csl LRb5,LRd5]} Rxe1 29. Bxe1 a6 (29... Bb4 $16 {is a better defense.}) 30. Nxd5 $18 Ne7 (30... f5 {was called for.} 31. gxf5 Rf8) 31. Nf6+ Kg7 32. Ne4 Rd8 33. Ba5 Rd7 34. Nxd6 Rxd6 {[%mdl 4096] Endgame KRB-KRN} 35. Bb4 Rd7 36. Bxe7 Rxe7 {KR-KR} 37. d5 Kf6 38. Kf3 (38. b4 $142 Rd7 39. Rd3) 38... Rd7 39. Ke4 {Strongly threatening d6.} Re7+ 40. Kf3 {Hoping for d6.} Rd7 41. Ke4 (41. Rd2 $142) 41... Re7+ $1 42. Kd4 Re2 43. Rd3 Rxa2 {[#]} 44. Re3 $1 a5 45. d6 a4 46. bxa4 bxa4 47. Kd5 $2 (47. f4 a3 48. fxg5+ Kg7 49. gxh6+ Kh7 50. Rd3) 47... a3 48. Rf3+ Kg7 49. d7 $2 ({White must play} 49. Rd3 $18 {d7 is the strong threat.} Kf8 50. Rd4) 49... Rd2+ $11 {The position is equal.} 50. Kc6 a2 51. Ra3 {[%cal Oa3a2] aiming for Rxa2!} Rc2+ 52. Kb7 Rb2+ 53. Kc8 Rc2+ 54. Kb7 Rb2+ 55. Kc7 Rc2+ 56. Kb7 {Black defended with fortune.  Weighted Error Value: White=0.45/Black=0.23 (precise)} 1/2-1/2

[Event "4NCL 2021-22"]
[Site "England"]
[Date "2022.03.26"]
[Round "5.14"]
[White "McPhillips, Joseph"]
[Black "Camacho Collados, Jose"]
[Result "0-1"]
[WhiteElo "2413"]
[BlackElo "2400"]
[Annotator "TA"]
[PlyCount "112"]
[EventDate "2021.11.27"]
[EventType "team-tourn"]
[EventCountry "ENG"]
[SourceTitle "playchess.com"]
[Source "ChessBase"]
[SourceQuality "1"]

{[%evp 9,112,-9,0,0,-1,-29,-16,-12,-17,-29,22,0,0,-28,-2,-15,0,-11,-10,-12,0,0,13,13,17,17,22,13,17,26,22,14,8,0,10,0,110,-161,-155,-179,-141,-120,-23,-274,-269,-925,-863,-941,-550,-525,-528,-518,-265,-451,-450,-481,-489,-671,-682,-641,-612,-586,-292,-266,-80,-89,-20,-94,0,0,0,-118,-138,-133,67,66,71,45,50,42,45,22,22,0,0,0,66,8,8,8,8,-299,-261,-236,-207,-214,-215,-4133,-4292,-5065,-4778,-3077,-1595,-4133,-2974]} 1. d4 b6 2. e4 Bb7 3. f3 e6 4. Nh3 d5 {[#]} 5. Nf2 $146 ({Predecessor:} 5. e5 Nc6 6. c3 f5 7. exf6 gxf6 8. Bb5 a6 9. Bd3 Qd7 10. Qe2 a5 11. Bf5 Kf7 {0-1 (52) Kaloskambis,M (2163)-Fragiadakis,K (2218) Athens 2005}) 5... c5 6. exd5 {B00: Queen's Fianchetto Defence, Nimzowitsch Defence.} Qxd5 7. dxc5 Qxd1+ 8. Nxd1 {The position is equal.} Bxc5 9. Be3 Nd7 (9... Be7 $142) 10. Nd2 {[%cal Bb1d2,Bd2b3,Bb3d4][%mdl 32]} Ngf6 {[%cal Bg8f6,Bf6d5,Bd5e3][%mdl 32]} 11. Nb3 Bb4+ 12. c3 Bd6 13. a4 Nd5 14. a5 Nxe3 15. Nxe3 Nc5 16. Nd4 {Strongly threatening Bb5+.} Bf4 17. Kf2 O-O-O 18. Nc4 Kb8 19. axb6 axb6 20. b4 e5 21. Nb5 Nb3 22. Ra3 Nc1 {Active counter play!} (22... Nd2 $1 $11 23. Ncd6 (23. Nxb6 $2 Nxf1 24. Rxf1 Rd2+ 25. Kg1 Be3+ 26. Kh1 Bxb6 $19) 23... Nxf1) 23. Ncd6 $2 {[%mdl 8192] [#]} (23. Nxb6 $2 Rd2+ 24. Ke1 Rhd8 $19) (23. g3 $16 {is necessary to keep the advantage.} Bh6 24. Nbd6 (24. Nxe5 $2 Rd2+ 25. Ke1 Bxf3 $19)) 23... e4 $1 $19 24. Nxe4 f5 $36 {[%mdl 2048] White is under strong pressure.} 25. g3 Be5 (25... fxe4 $17 26. gxf4 Rhe8) 26. Ng5 $2 {[%mdl 8192]} (26. Ned6 $1 $11 {and White is okay.} Bxd6 27. Bc4) 26... Rhe8 {Threatens to win with ...Rd2+.} 27. c4 $2 (27. Bc4 Rd2+ 28. Ke3) 27... Rd2+ 28. Ke3 Bc3+ 29. Kf4 Bxb4 {A strong pair of Bishops.} 30. Re3 Red8 31. Kxf5 $2 (31. Ne6 {was worth a try.} R8d7 32. c5) 31... Bc8+ 32. Ne6 Rf8+ 33. Kg5 Be7+ 34. Kg4 Rf6 35. Nbc7 Rd4+ (35... Bd8 $142 36. f4 Bxc7) 36. f4 {[%cal Oc7a6]} h5+ $2 (36... Bc5 $19 {White must now prevent ...Rd7.} 37. Re1 Nb3 38. Na6+ Bxa6 39. Nxd4 Bc8+ 40. Ne6 Bxe6+ 41. Rxe6 Rxe6) 37. Kxh5 $17 {[%cal Oe6g7]} (37. Kf3 $2 Bb7+ 38. Kf2 Rd2+ 39. Kg1 Bd6 $19) 37... Rh6+ 38. Kg4 {[%cal Oc7a6]} Bd6 (38... Bd8 $17 39. Kf3 Rd2 40. Nxd8 Kxc7) 39. Kg5 $1 $11 {[%csl LRd4,LRg7]} Be7+ 40. Kf5 (40. Kg4 $11) 40... Rf6+ $17 41. Kg4 {[%cal Oc7a6]} g5 $2 {Chess con chili.} (41... Bd8 $17 42. Kf3 Rd1) 42. Kh5 $1 $14 gxf4 43. Nxd4 (43. gxf4 $5 {[%cal Re6d4]} Rf5+ 44. Kg6 Rf6+ 45. Kg7 $16) 43... fxe3 44. Nd5 {[%csl LRe3,LRe7,LRf6]} Bb7 45. Bg2 ({Not} 45. Nxf6 Bxf6 46. Nf5 Bxh1 $17) (45. Rg1 $5 {[%cal Rd5e7]} Rf7 46. Kg6 (46. Nxe7 Rxe7 47. Kg5 e2 $11) 46... Bxd5 47. cxd5 Rf6+ 48. Kg7 $16) 45... Bxd5 46. Bxd5 Nd3 47. Ra1 Nb4 (47... Bc5 $11 48. Nb5 Kc8) 48. Ra8+ (48. Bf3 $14 Bc5 49. Ra8+ Kc7 50. Nb5+ Kd7 51. Bg4+ Ke7 52. h4) 48... Kc7 $11 49. Ra7+ Kd8 50. Ra3 $2 {[%mdl 8192]} (50. Be6 $11 b5 51. Ra8+ (51. cxb5 e2 $11) 51... Kc7 52. Nxb5+ Kb6 53. Bg4) 50... Nxd5 $19 51. Ra8+ {[#]} Kd7 $1 52. cxd5 Bc5 53. Nc6 (53. Ne2) 53... Rf5+ {Black is clearly winning.} 54. Kg4 Rxd5 55. Nb8+ Kc7 56. Ra1 Kxb8 {Weighted Error Value: White=0.75/Black=0.38} 0-1

[Event "4NCL 2021-22"]
[Site "England"]
[Date "2022.03.26"]
[Round "5.15"]
[White "Chow, Samuel"]
[Black "McDonald, Neil"]
[Result "1/2-1/2"]
[WhiteElo "2400"]
[BlackElo "2408"]
[Annotator "TA"]
[PlyCount "177"]
[EventDate "2021.11.27"]
[EventType "team-tourn"]
[EventCountry "ENG"]
[SourceTitle "playchess.com"]
[Source "ChessBase"]
[SourceQuality "1"]

{[%evp 22,177,43,0,58,20,9,0,21,0,0,0,0,-24,-22,-22,-31,-2,-8,-27,-12,-74,-78,-67,-59,-72,-61,-158,-154,-133,-146,-212,-199,-183,-58,-60,-52,-58,-69,-67,-62,-62,-74,-69,-55,-85,-85,-81,0,-61,0,0,0,0,0,0,0,0,0,0,0,0,0,0,0,0,0,0,0,-7,-7,-7,-7,-8,-7,-7,-7,-7,-7,-7,-7,-7,-7,-7,-7,-7,0,-7,0,-7,-7,-7,-7,-7,-7,-8,-7,-7,-7,-7,-7,-7,-7,-7,-7,-8,-8,-8,-8,-8,-8,-8,-8,-8,-8,-8,-8,-8,-8,-8,-8,-8,-7,-8,-8,-8,-8,-8,-8,-8,-8,-14,-8,-8,0,0,0,0,0,0,0,0,0,0,0,0,0,0,0,0,0,-8,0,0,0,0,0,0]} 1. d4 {Gurevich,M} f5 2. c4 Nf6 3. g3 g6 4. Bg2 Bg7 5. Nf3 O-O 6. O-O d6 7. Nc3 Qe8 8. b3 e5 9. dxe5 dxe5 10. e4 Nc6 11. Nd5 Qd7 12. Ba3 {has lost popularity (12.exf5).} (12. exf5 $14 e4 13. Ng5 gxf5 14. Rb1) 12... Rd8 {A87: Dutch Defence: Leningrad System: 5 Nf3.} (12... Re8 $1 $11) 13. exf5 e4 14. Ng5 gxf5 {[#]} 15. Rc1 $146 ({Predecessor:} 15. Rb1 h6 16. Nxf6+ Bxf6 17. Qxd7 Rxd7 18. Ne6 Kf7 19. Nf4 Rd2 20. Nd5 Be5 21. Bc1 Rxa2 22. Bxh6 {0-1 (91) Chuchelov,V (2545)-Gurevich,M (2635) Vlissingen 1998 CBM 066 [Gurevich,M]}) 15... h6 ({Don't do} 15... Nxd5 16. cxd5 Qe8 17. Qd2 $14) 16. Nxf6+ $1 Bxf6 17. Qxd7 Rxd7 18. Ne6 {[%cal Og3g4]} Kf7 19. Nf4 $132 {[%mdl 2048] White is not keeping still} Rd2 {[%cal Bd7d2,Bd2a2,Ba2a3,Ba3b3,Bb3b1][%mdl 32]} 20. Nd5 Rxa2 21. Nxf6 (21. Nxc7 $11 {remains equal.} Rxa3 22. Nxa8) 21... Rxa3 $17 22. Nd5 Rxb3 23. Nxc7 Rb8 24. Rb1 {[#]} ({White should play} 24. Rfd1 $15) 24... Rxb1 $1 25. Rxb1 Be6 26. Nxe6 (26. Bf1 $17) 26... Kxe6 {[%mdl 4096] Endgame KRB-KRN} 27. f3 exf3 (27... e3 $19 {Strongly threatening ...Nd4.} 28. Re1 Kd6 29. Rxe3 Kc5) 28. Bxf3 $15 Nd4 29. Bxb7 {[#] Threatens to win with Bd5+.} Kd6 30. Rd1 Kc5 31. Bd5 a5 {And now ...a4 would win.} 32. Ra1 Nb3 33. Ra4 Rb4 34. Ra2 Kb6 (34... a4 $17 35. Be6 Kd4 36. Bxf5 Nc5) 35. Be6 (35. Kf2 $11) 35... Nc5 ({Better is} 35... a4 $15) 36. Bxf5 $11 {The position is equal.} a4 37. g4 Rxc4 38. h4 Ne4 39. Kg2 Nc3 40. Ra1 Rf4 41. Kg3 Ne2+ 42. Kg2 Ka5 43. Bd7 Nc3 44. g5 Rxh4 45. gxh6 Rxh6 {next ...Nb5 is good for Black.} 46. Bxa4 Nxa4 {KRN-KR} 47. Kf3 Kb4 48. Ke4 Nc5+ 49. Kd5 Rh5+ 50. Kd6 Ne4+ 51. Ke6 Kb5 52. Rc1 Nc5+ 53. Kd6 Ne4+ 54. Ke6 Kb4 55. Rc2 Nc3 56. Rg2 Kc5 57. Rf2 Kd4 58. Rf5 Rh4 59. Rf1 Nd5 60. Rd1+ Ke4 61. Re1+ Ne3 62. Kd6 Kd4 63. Ke6 Rh6+ 64. Kd7 Nf5 65. Ra1 Kd5 66. Ra5+ Ke4 67. Ra1 Nd4 68. Ra4 Rg6 69. Ke7 Rb6 70. Ra1 Nc6+ 71. Kd6 Ne5+ 72. Ke7 Nd3 73. Rd1 Nb4 74. Re1+ Kd5 75. Rd1+ Kc5 76. Rc1+ Kb5 77. Kd7 Rb7+ 78. Kd6 Rh7 79. Ke6 Na6 80. Kd6 Rh6+ 81. Kd5 Nb4+ 82. Ke4 Rh4+ 83. Kf5 Nd5 84. Kg5 Rh3 85. Kg4 Rd3 86. Kf5 Nc3 87. Ke5 Kc4 88. Ke6 Kd4 89. Kf5 {Weighted Error Value: White=0.12 (very precise) /Black=0.09 (flawless)} 1/2-1/2

[Event "4NCL 2021-22"]
[Site "England"]
[Date "2022.03.26"]
[Round "5.16"]
[White "Toma, Katarzyna"]
[Black "Han, Yichen"]
[Result "1-0"]
[WhiteElo "2420"]
[BlackElo "2347"]
[Annotator "ChessBase"]
[PlyCount "83"]
[EventDate "2021.11.27"]
[EventType "team-tourn"]
[EventCountry "ENG"]
[SourceTitle "playchess.com"]
[Source "ChessBase"]
[SourceQuality "1"]
[TimeControl "40/6000+30:3000+30"]

1. e4 {[%emt 0:00:03]} e5 {[%emt 0:00:03]} 2. Nf3 {[%emt 0:00:07]} Nc6 {[%emt 0:00:06]} 3. d4 {[%emt 0:00:37]} exd4 {[%emt 0:00:08]} 4. Nxd4 {[%emt 0:00:05]} Bc5 {[%emt 0:00:24]} 5. Nb3 {[%emt 0:01:31]} Bb4+ {[%emt 0:00:20]} 6. Bd2 {[%emt 0:01:54]} a5 {[%emt 0:02:04]} 7. a4 {[%emt 0:19:39]} Nf6 {[%emt 0:04:52]} 8. Bd3 {[%emt 0:05:46]} O-O {[%emt 0:18:36]} 9. O-O {[%emt 0:03:54]} Ne5 {[%emt 0:04:56]} 10. f4 {[%emt 0:04:39]} Nxd3 {[%emt 0:00:24]} 11. cxd3 {[%emt 0:00:03]} c6 {[%emt 0:11:23]} 12. Bxb4 {[%emt 0:05:39]} axb4 {[%emt 0:00:10]} 13. N1d2 {[%emt 0:00:35]} d5 {[%emt 0:08:17]} 14. e5 {[%emt 0:01:33]} Ng4 {[%emt 0:01:16]} 15. Qe1 {[%emt 0:06:22]} Nh6 {[%emt 0:04:01]} 16. Nf3 {[%emt 0:03:04]} Bf5 {[%emt 0:09:28]} 17. d4 {[%emt 0:04:36]} Qe7 {[%emt 0:01:35]} 18. a5 {[%emt 0:03:07]} Bd3 {[%emt 0:08:40]} 19. Rf2 {[%emt 0:00:10]} Rfb8 {[%emt 0:03:23]} 20. Nc5 {[%emt 0:01:22]} Bc4 {[%emt 0:01:23]} 21. b3 {[%emt 0:01:21]} Bb5 {[%emt 0:00:10]} 22. Rfa2 {[%emt 0:00:50]} Ra7 {[%emt 0:03:27]} 23. Qxb4 {[%emt 0:03:40]} Rba8 {[%emt 0:00:08]} 24. Qd2 {[%emt 0:00:10]} Qc7 {[%emt 0:02:25]} 25. h3 {[%emt 0:04:30]} Nf5 {[%emt 0:03:31]} 26. Kf2 {[%emt 0:03:19]} Qd8 {[%emt 0:04:15]} 27. g3 {[%emt 0:08:47]} g6 {[%emt 0:05:14]} 28. Kg2 {[%emt 0:09:19]} Qe7 {[%emt 0:02:21]} 29. g4 {[%emt 0:00:16]} Ng7 {[%emt 0:00:19]} 30. Kg3 {[%emt 0:01:25]} Ne6 {[%emt 0:01:43]} 31. b4 {[%emt 0:01:59]} Bc4 {[%emt 0:00:48]} 32. Ra3 {[%emt 0:02:37]} b6 {[%emt 0:01:07]} 33. Nxe6 {[%emt 0:05:49]} fxe6 {[%emt 0:00:05]} 34. Qc3 {[%emt 0:00:15]} bxa5 {[%emt 0:02:12]} 35. Rxa5 {[%emt 0:00:53]} Rxa5 {[%emt 0:01:21]} 36. Rxa5 {[%emt 0:00:11]} Rxa5 {[%emt 0:03:14]} 37. bxa5 {[%emt 0:00:05]} Qb7 {[%emt 0:00:10]} 38. Qa3 {[%emt 0:00:23]} Qa7 {[%emt 0:03:18]} 39. Qd6 {[%emt 0:00:39]} h6 {[%emt 0:01:39]} 40. Qxe6+ {[%emt 0:00:38]} Kh7 {[%emt 0:00:05]} 41. Nh4 {[%emt 0:51:20]} Qxa5 {[%emt 0:04:35]} 42. Qf7+ {[%emt 0:00:00]} 1-0

[Event "4NCL 2021-22"]
[Site "England"]
[Date "2022.03.26"]
[Round "5.17"]
[White "Roberson, Peter T"]
[Black "Pert, Nicholas"]
[Result "1/2-1/2"]
[WhiteElo "2425"]
[BlackElo "2546"]
[Annotator "TA"]
[PlyCount "55"]
[EventDate "2021.11.27"]
[EventType "team-tourn"]
[EventCountry "ENG"]
[SourceTitle "playchess.com"]
[Source "ChessBase"]
[SourceQuality "1"]

{[%evp 16,55,35,32,35,23,33,23,22,37,56,57,60,58,95,93,86,84,133,130,156,160,152,148,160,154,185,186,187,152,166,135,143,133,136,80,145,0,130,0,156,0]} 1. e4 c5 2. Nf3 Nc6 3. d4 cxd4 4. Nxd4 e5 5. Nb5 d6 6. N1c3 a6 7. Na3 Be6 8. Nc4 b5 {[%cal Bb7b5,Bb5b4][%mdl 32]} 9. Ne3 Nf6 {B32: Sicilian: Löwenthal and Kalashnikov Variations.} 10. Bd3 g6 11. a4 b4 {White has an edge.} 12. Ncd5 Bxd5 13. exd5 Ne7 14. Bd2 Bg7 15. Bxb4 {[#]} O-O $146 ({Predecessor:} 15... Nexd5 16. Nxd5 Nxd5 17. Ba3 Nf4 18. Bf1 O-O 19. g3 Ne6 20. Bg2 Rc8 21. O-O Nc5 {0-1 (53) Sevian,S (2668)-Maghsoodloo,P (2601) Riga 2021}) 16. Be2 Ne8 (16... Rb8 $142 17. Ba3 Qc7) 17. Nc4 Rb8 18. c3 f5 19. O-O g5 20. Na5 Qc8 {Inhibits Nc6.} 21. Qd3 Ra8 22. Qc4 Qd7 23. Nc6 Ng6 24. Rfe1 {White is much more active.} g4 25. Na5 ({White should try} 25. Ba3) 25... Ne7 (25... e4 $142) 26. Nc6 Ng6 $1 27. Na5 Ne7 $1 {Inhibits Qc6.} 28. Nc6 $2 {Weighted Error Value: White=0.24 (precise) /Black=0.10 (very precise)} (28. Ba3 $16) 1/2-1/2

[Event "4NCL 2021-22"]
[Site "England"]
[Date "2022.03.26"]
[Round "5.18"]
[White "Kirk, Ezra"]
[Black "Rendle, Thomas E"]
[Result "1/2-1/2"]
[WhiteElo "2438"]
[BlackElo "2365"]
[Annotator "ChessBase"]
[PlyCount "54"]
[EventDate "2021.11.27"]
[EventType "team-tourn"]
[EventCountry "ENG"]
[SourceTitle "playchess.com"]
[Source "ChessBase"]
[SourceQuality "1"]
[TimeControl "40/6000+30:3000+30"]

1. d4 {[%emt 0:00:03]} d5 {[%emt 0:00:14]} 2. Nf3 {[%emt 0:02:22]} Nf6 {[%emt 0:00:14]} 3. c4 {[%emt 0:04:24]} c6 {[%emt 0:01:08]} 4. Nc3 {[%emt 0:00:05]} e6 {[%emt 0:00:09]} 5. g3 {[%emt 0:00:26]} dxc4 {[%emt 0:01:12]} 6. a4 {[%emt 0:00:18]} Nbd7 {[%emt 0:03:37]} 7. Bg2 {[%emt 0:01:01]} Bb4 {[%emt 0:02:19]} 8. O-O {[%emt 0:00:45]} O-O {[%emt 0:00:09]} 9. Qc2 {[%emt 0:01:55]} a5 {[%emt 0:02:06]} 10. e4 {[%emt 0:10:06]} e5 {[%emt 0:01:40]} 11. Nxe5 {[%emt 0:23:58]} Nxe5 {[%emt 0:01:19]} 12. dxe5 {[%emt 0:00:06]} Ng4 {[%emt 0:00:41]} 13. f4 {[%emt 0:01:57]} Qd4+ {[%emt 0:06:15]} 14. Kh1 {[%emt 0:00:43]} Rd8 {[%emt 0:01:21]} 15. h3 {[%emt 0:10:14]} Ne3 {[%emt 0:04:46]} 16. Bxe3 {[%emt 0:00:43]} Qxe3 {[%emt 0:00:07]} 17. Rad1 {[%emt 0:03:00]} Bd7 {[%emt 0:10:03]} 18. Ne2 {[%emt 0:17:31]} b5 {[%emt 0:04:36]} 19. f5 {[%emt 0:19:43]} Be8 {[%emt 0:09:35]} 20. e6 {[%emt 0:03:16]} fxe6 {[%emt 0:02:09]} 21. Rf3 {[%emt 0:05:44]} Qh6 {[%emt 0:08:45]} 22. e5 {[%emt 0:01:41]} exf5 {[%emt 0:06:42]} 23. Nd4 {[%emt 0:00:57]} Bf7 {[%emt 0:11:42]} 24. Nxf5 {[%emt 0:00:48]} Qg5 {[%emt 0:00:25]} 25. Rf4 {[%emt 0:00:34]} Rxd1+ {[%emt 0:01:36]} 26. Qxd1 {[%emt 0:00:04]} Rd8 {[%emt 0:00:07]} 27. Qf1 {[%emt 0:00:30]} g6 {[%emt 0:19:28]} 1/2-1/2

[Event "4NCL 2021-22"]
[Site "England"]
[Date "2022.03.26"]
[Round "5.19"]
[White "Moreby, James"]
[Black "Pert, Richard G"]
[Result "1/2-1/2"]
[WhiteElo "2416"]
[BlackElo "2415"]
[Annotator "ChessBase"]
[PlyCount "28"]
[EventDate "2021.11.27"]
[EventType "team-tourn"]
[EventCountry "ENG"]
[SourceTitle "playchess.com"]
[Source "ChessBase"]
[SourceQuality "1"]
[TimeControl "40/6000+30:3000+30"]

1. c4 {[%emt 0:01:00]} e6 {[%emt 0:00:39]} 2. g3 {[%emt 0:00:38]} d5 {[%emt 0:00:28]} 3. Bg2 {[%emt 0:00:04]} dxc4 {[%emt 0:00:58]} 4. Na3 {[%emt 0:04:11]} Bxa3 {[%emt 0:03:36]} 5. bxa3 {[%emt 0:01:15]} Nf6 {[%emt 0:02:27]} 6. Bb2 {[%emt 0:03:41]} Nbd7 {[%emt 0:09:33]} 7. Qc2 {[%emt 0:09:10]} Rb8 {[%emt 0:08:06]} 8. Qxc4 {[%emt 0:04:46]} b5 {[%emt 0:02:24]} 9. Qc2 {[%emt 0:00:36]} c5 {[%emt 0:03:35]} 10. Nf3 {[%emt 0:00:50]} Bb7 {[%emt 0:01:08]} 11. O-O {[%emt 0:02:25]} O-O {[%emt 0:01:29]} 12. Rfc1 {[%emt 0:07:00]} h6 {[%emt 0:20:07]} 13. Ne5 {[%emt 0:10:08]} Bxg2 {[%emt 0:07:19]} 14. Nxd7 {[%emt 0:00:37]} Qxd7 {[%emt 0:04:41]} 1/2-1/2

[Event "4NCL 2021-22"]
[Site "England"]
[Date "2022.03.26"]
[Round "5.20"]
[White "Arkell, Keith C"]
[Black "Batchelor, Peter J"]
[Result "1/2-1/2"]
[WhiteElo "2380"]
[BlackElo "2366"]
[Annotator "ChessBase"]
[PlyCount "85"]
[EventDate "2021.11.27"]
[EventType "team-tourn"]
[EventCountry "ENG"]
[SourceTitle "playchess.com"]
[Source "ChessBase"]
[SourceQuality "1"]
[TimeControl "40/6000+30:3000+30"]

1. d4 {[%emt 0:02:26]} Nf6 {[%emt 0:00:08]} 2. Nf3 {[%emt 0:00:13]} e6 {[%emt 0:00:42]} 3. c4 {[%emt 0:00:05]} Bb4+ {[%emt 0:00:54]} 4. Bd2 {[%emt 0:00:05]} a5 {[%emt 0:04:07]} 5. g3 {[%emt 0:00:06]} Nc6 {[%emt 0:03:18]} 6. Bg2 {[%emt 0:01:52]} O-O {[%emt 0:00:51]} 7. Nc3 {[%emt 0:00:20]} Bxc3 {[%emt 0:06:33]} 8. Bxc3 {[%emt 0:00:13]} Ne4 {[%emt 0:00:15]} 9. Qc2 {[%emt 0:00:31]} Nxc3 {[%emt 0:01:13]} 10. Qxc3 {[%emt 0:00:05]} d6 {[%emt 0:05:42]} 11. d5 {[%emt 0:02:01]} Ne7 {[%emt 0:10:51]} 12. dxe6 {[%emt 0:00:14]} Bxe6 {[%emt 0:01:54]} 13. Nd4 {[%emt 0:00:38]} c6 {[%emt 0:03:42]} 14. Nxe6 {[%emt 0:00:11]} fxe6 {[%emt 0:00:04]} 15. Rd1 {[%emt 0:04:06]} Qc7 {[%emt 0:08:41]} 16. O-O {[%emt 0:00:40]} e5 {[%emt 0:03:21]} 17. e3 {[%emt 0:02:43]} Rf6 {[%emt 0:09:33]} 18. Rd2 {[%emt 0:02:51]} Nf5 {[%emt 0:05:53]} 19. Rfd1 {[%emt 0:01:01]} Raf8 {[%emt 0:05:02]} 20. a3 {[%emt 0:08:26]} Nh6 {[%emt 0:10:23]} 21. h3 {[%emt 0:03:16]} Nf7 {[%emt 0:01:53]} 22. b4 {[%emt 0:02:56]} axb4 {[%emt 0:01:45]} 23. axb4 {[%emt 0:01:29]} Qc8 {[%emt 0:04:07]} 24. Qc2 {[%emt 0:06:35]} Rh6 {[%emt 0:06:30]} 25. b5 {[%emt 0:06:37]} Rxh3 {[%emt 0:04:57]} 26. bxc6 {[%emt 0:00:12]} bxc6 {[%emt 0:00:07]} 27. Qe4 {[%emt 0:01:18]} Rh6 {[%emt 0:01:40]} 28. Qxc6 {[%emt 0:00:15]} Qg4 {[%emt 0:01:33]} 29. Ra1 {[%emt 0:09:48]} Rf6 {[%emt 0:05:47]} 30. Ra8 {[%emt 0:03:14]} g6 {[%emt 0:01:10]} 31. Bd5 {[%emt 0:01:58]} Rxa8 {[%emt 0:00:54]} 32. Qxa8+ {[%emt 0:00:09]} Kg7 {[%emt 0:00:03]} 33. Qc6 {[%emt 0:22:26]} Ng5 {[%emt 0:00:45]} 34. Bg2 {[%emt 0:04:30]} Qf5 {[%emt 0:01:17]} 35. e4 {[%emt 0:03:40]} Qe6 {[%emt 0:00:37]} 36. Rb2 {[%emt 0:02:37]} Qg4 {[%emt 0:00:45]} 37. Rd2 {[%emt 0:00:55]} Nf7 {[%emt 0:01:14]} 38. c5 {[%emt 0:06:18]} dxc5 {[%emt 0:00:04]} 39. Qxc5 {[%emt 0:00:12]} h5 {[%emt 0:00:34]} 40. Qe3 {[%emt 0:04:58]} h4 {[%emt 0:00:32]} 41. gxh4 {[%emt 0:52:06]} Qxh4 {[%emt 0:02:00]} 42. Qg3 {[%emt 0:00:00]} Qxg3 {[%emt 0:09:27]} 43. fxg3 {[%emt 0:00:00]} 1/2-1/2

[Event "4NCL 2021-22"]
[Site "England"]
[Date "2022.03.26"]
[Round "5.21"]
[White "Holland, James P"]
[Black "Eggleston, David J"]
[Result "1/2-1/2"]
[WhiteElo "2224"]
[BlackElo "2343"]
[Annotator "ChessBase"]
[PlyCount "47"]
[EventDate "2021.11.27"]
[EventType "team-tourn"]
[EventCountry "ENG"]
[SourceTitle "playchess.com"]
[Source "ChessBase"]
[SourceQuality "1"]
[TimeControl "40/6000+30:3000+30"]

1. e4 {[%emt 0:02:14]} e6 {[%emt 0:00:02]} 2. f4 {[%emt 0:06:04]} d5 {[%emt 0:00:24]} 3. Nc3 {[%emt 0:00:15]} dxe4 {[%emt 0:03:33]} 4. Nxe4 {[%emt 0:00:04]} Nf6 {[%emt 0:00:46]} 5. Nxf6+ {[%emt 0:00:16]} Qxf6 {[%emt 0:00:07]} 6. d4 {[%emt 0:00:03]} Bd6 {[%emt 0:00:52]} 7. g3 {[%emt 0:07:42]} c5 {[%emt 0:00:27]} 8. Nf3 {[%emt 0:01:09]} Nc6 {[%emt 0:00:20]} 9. Be3 {[%emt 0:09:25]} cxd4 {[%emt 0:02:41]} 10. Nxd4 {[%emt 0:06:09]} e5 {[%emt 0:05:05]} 11. Nb5 {[%emt 0:02:41]} Bb8 {[%emt 0:00:27]} 12. Bc5 {[%emt 0:10:37]} exf4 {[%emt 0:01:54]} 13. Qe2+ {[%emt 0:07:47]} Qe5 {[%emt 0:01:14]} 14. gxf4 {[%emt 0:04:32]} Qxe2+ {[%emt 0:03:54]} 15. Bxe2 {[%emt 0:01:34]} Bxf4 {[%emt 0:26:29]} 16. O-O {[%emt 0:13:27]} Be5 {[%emt 0:00:15]} 17. Bc4 {[%emt 0:08:39]} Be6 {[%emt 0:02:00]} 18. Bxe6 {[%emt 0:00:12]} fxe6 {[%emt 0:00:05]} 19. Rae1 {[%emt 0:00:05]} a6 {[%emt 0:15:13]} 20. Nd6+ {[%emt 0:09:34]} Bxd6 {[%emt 0:01:10]} 21. Rxe6+ {[%emt 0:00:12]} Be7 {[%emt 0:00:14]} 22. Bxe7 {[%emt 0:00:21]} Nxe7 {[%emt 0:09:11]} 23. Rfe1 {[%emt 0:05:19]} O-O-O {[%emt 0:00:19]} 24. Rxe7 {[%emt 0:00:03]} 1/2-1/2